[Event "Bayern-chI Bank Hofmann 11th"]
[Site "Bad Wiessee"]
[Date "2007.11.10"]
[Round "1"]
[White "Babaev, Rashad"]
[Black "Schmelz, Markus"]
[Result "1-0"]
[WhiteElo "2465"]
[BlackElo "2000"]
[PlyCount "76"]
[EventDate "2007.11.10"]
[EventType "swiss"]
[EventRounds "9"]
[EventCountry "GER"]
[SourceTitle "CBM 121 Extra"]
[Source "ChessBase"]
[SourceDate "2008.01.10"]
[SourceVersion "1"]
[SourceVersionDate "2008.01.10"]
[SourceQuality "1"]

1. e4 e6 2. d4 d5 3. Nd2 Nf6 4. e5 Nfd7 5. Bd3 c5 6. c3 Nc6 7. Ngf3 cxd4 8. cxd4 f6 9. exf6 Nxf6 10. 0-0 Bd6 11. b3 0-0 12. Bb2 Nb4 13. Bb1 Nh5 14. g3 Bd7 15. Ne5 Nf6 16. Ndf3 Ne4 17. a3 Na6 18. Nxd7 Qxd7 19. Ne5 Qe7 20. f3 Ng5 21. h4 Bxe5 22. dxe5 Nf7 23. b4 Nh6 24. Bd4 Nf5 25. Bf2 Qc7 26. Re1 Rad8 27. g4 Ne7 28. Qd3 g6 29. Re2 Nc6 30. b5 Nxe5 31. Rxe5 Qxe5 32. bxa6 bxa6 33. h5 Qg7 34. hxg6 Qxg6 35. Kg2 Qg7 36. Bd4 Qh6 37. Qe2 Rd7 38. Qe5 Rg7 1-0